Experiencia de fe en teresa de Jesús /

Uloženo v:
Podrobná bibliografie
Hlavní autor: López Díaz-Otazu, Ana María (autor)
Médium: Kniha
Jazyk:španělština
Vydáno: Madrid, España : Narcea, 1981, c1981
Tagy: Přidat tag
Žádné tagy, Buďte první, kdo vytvoří štítek k tomuto záznamu!

MARC

LEADER 00000nam^a2200000^a^4500
001 000445430
005 20250521000000.0
009 20260310123544.196
020 |a 84-277-0457-7 
037 |a Acervo Xavier Clavigero 
041 |a ESP 
091 |a FCA. 00829 
100 |a López Díaz-Otazu, Ana María  |e (autor) 
245 1 0 |a Experiencia de fe en teresa de Jesús / 
264 4 |a Madrid, España :  |b Narcea,  |c 1981, c1981 
300 |a 175 p. 
336 |a texto  |b txt  |2 rdacontenido 
337 |a sin mediación  |b n  |2 rdamedio 
338 |a volumen  |b nc  |2 rdasoporte 
649 |a XX 
910 |a Fondo Xavier Cacho Vázquez S.J. 
920 |a Impresos - Libros 
930 |a Fondos Especiales 
905 |a 131 
901 |a 0500374850  |b IT2  |c ESP  |i D  |u 20250521 
902 |a https://opac.biblio.iteso.mx/vufind/Record/000445430